000 01648cam a2200445 i 4500
001 xx001431185
003 NUKAT
005 20260122112839.0
008 091006s1979 pl a |000 0apol c
020 _a8370020100
_q(oprawa miękka)
035 _a(OCoLC)750593179
035 _a(NUKAT)xx001431185
040 _aLUBL M/IK
_bpol
_erda
_cLUBL M/IKs
_dLUBL M/JD
_dOLSZT 008/bak
045 2 _bd1918
_bd1978
046 _k1978
100 1 _aTurkowski, Leonard
_d(1914-1985).
_eAutor
_931033
245 1 0 _aKsięga mojego domu /
_cLeonard Turkowski.
250 _aWydanie I.
260 _aOlsztyn :
_bWydawnictwo Pojezierze,
_c1979.
300 _a386, [2] strony :
_bilustracje ;
_c20 cm.
336 _aTekst
_btxt
_2rdacontent
337 _aBez urządzenia pośredniczącego
_bn
_2rdamedia
338 _aWolumin
_bnc
_2rdacarrier
380 _aKsiążki
380 _aLiteratura faktu, eseje, publicystyka
386 _mPrzynależność kulturowa
_aLiteratura polska
388 1 _a1901-2000
388 1 _a1945-1989
500 _aStanowi 1 część trylogii wspomnień autora; cz. 2 pt. Księga mojego miasta, cz. 3 pt. Księga Warmii i Mazur.
600 1 7 _aTurkowski, Leonard
_d(1914-1985)
_vbiografie.
_2kaba
_931033
600 1 7 _aTurkowski, Leonard
_d(1914-1985)
_2DBN
_931033
648 7 _a1918-1939
_2DBN
648 7 _a1939-1945
_2DBN
648 7 _a1945-1989
_2DBN
648 7 _a1901-2000
_2DBN
_934996
655 7 _aPamiętniki i wspomnienia
_2DBN
_935005
710 2 _aStowarzyszenie Społeczno-Kulturalne "Pojezierze" (Olsztyn).
_bWydawnictwo.
_eWydawca
_4pbl
_911709
920 _a83-7002-010-0 (oprawa miękka)
942 _2ddc
_cBK_NM
999 _c26344
_d26344